000 00844nam a22002537a 4500
003 CBULib
005 20260223140230.0
008 260223b |||||||| |||| 00| 0 eng d
020 _a9781526494818
040 _bEnglish
_cCBULib
_dCBULib
_erda
041 _aeng
050 _aRB 113 Coo
100 _95215
_aCook, Neal
245 _aEssentials of pathophysiology for nursing practice
_c/ by Neal Cook; Andrea Shepherd; Jennifer Boore and Stephanie Dunleavy
260 _aLos Angeles:
_bSage,
_c2019.
300 _avi,695 pages: illustrations
336 _2rdacontent
_aText |
_btxt
337 _2rdamedia
_aUnmediated |
_bn
338 _2rdacarrier
_aVolume
_bnc
650 0 _2Library of congress
_95380
_aPHYSIOLOGY ,PATHOLOGICAL--TEXTBOOKS
700 _95107
_aShepherd, Andrea
700 _95108
_aDunleavy, Stephanie
942 _2lcc
_c002
999 _c86670
_d86670